00673nam a2200241 a 4500001001300000003000900013005001700022008004100039020001000080082001400090100001500104245002200119260003200141300000800173500003500181505002800216650002800244700001500272902000800287942000700295952011400302999001500416nice12345678IN_TiNIC20260116011651.0050524s0000 teha grp 000 0 per  ac10000a244bALL1 aAllen, C H aDo Rahb Two Ways aTehranbBrukhim Pressc0000 a15p aincludes index and biblioraphy2 aHand Written Manuscript aChristianity-Miscellany1 aAllen, C H bSRS cBK 001040708StackRoom-aHMIbHMId2007-07-05g100.00l0o244 ALL1p05021r2007-07-05v100.00w2005-05-24yBK c3263d3263